000 00994pam a2200289 a 4500
001 7759
003 BD-RjUL
005 20211208234453.0
008 140115s1990 ii a b 001 0 eng
020 _a8122400825
035 _a(BD-RjUL)7803
040 _aDLC
_cDLC
_dDLC
_dBD-RjUL
_beng
041 _aeng
082 0 0 _a620.00452
_220
_bRAS 1990
100 1 _aRavinchandran, N.
_924191
245 1 0 _aStochastic methods in reliability theory /
_cN. Ravinchandran.
260 _aNew Delhi :
_bWiley,
_cc1990.
300 _aviii, 201 p. :
_bill. ;
_c25 cm.
504 _aIncludes bibliographical references and indexes.
650 0 _aReliability (Engineering)
_xMathematical models.
_924192
650 0 _aStochastic processes.
_924193
856 4 2 _3Publisher description
_uhttp://www.loc.gov/catdir/description/wiley034/90034833.html
856 4 _3Table of Contents
_uhttp://www.loc.gov/catdir/toc/onix05/90034833.html
942 _2ddc
_cBK
999 _c7759
_d7759